| 000 | 00987cam a22003137a 4500 | ||
|---|---|---|---|
| 003 | CHAP | ||
| 005 | 20220329134753.0 | ||
| 008 | 971013s1962 r 00010 spa d | ||
| 010 | _a25629 | ||
| 011 | _a26601 | ||
| 035 | _a30702 | ||
| 040 | _cCHAP | ||
| 090 | _aFolleto 4957 | ||
| 110 |
_aConfederación Nacional Campesina. México _926398 |
||
| 245 | 1 | 3 |
_aLa cabra _b: su cría para alimentación de la familia |
| 260 |
_aMéxico : _bLa Confederación, _c1962 |
||
| 300 |
_a37 p. _b: ilus. |
||
| 490 | 0 |
_aManual del campesino _v; 3 |
|
| 590 |
_aBATCH-UPD _b10 _c20130110 _lUCH01 _h0049 |
||
| 590 |
_aBATCH-UPD _b10 _c20130110 _lUCH01 _h2103 |
||
| 590 |
_aBATCH-UPD _b10 _c20130410 _lUCH01 _h1415 |
||
| 590 |
_aBATCH-UPD _b10 _c20130914 _lUCH01 _h1506 |
||
| 590 |
_aCONVERSION _b10 _c20130109 _lUCH01 _h1315 |
||
| 650 | 1 | 4 |
_aGanado cabrío. _944988 |
| 830 | 0 |
_aManual del campesino _v; 3 _970625 |
|
| 901 | _aBK | ||
| 942 | _cFOLL | ||
| 949 |
_aFolleto 4957 _bBC _cFOLL _d-71057 _eTS1 _i30702 _si |
||
| 999 |
_c25629 _d25629 |
||